Hauptstädte der Welt A-Z - Statistiken

Allgemein
  • Dieses Quiz wurde 488 mal gespielt
    465 seit der letzten Aktualisierung
  • Das Durchschnittsergebnis liegt bei 18 aus 24
Antwortstatistiken
Hint Antwort % Korrekt
B Brüssel | Bern | Belgrad | Bratislava | Budapest | Berlin | Bukarest | Bridgetown | Belmopan | Basseterre | Baku | Bandar Seri Begawan | Bagdad | Bischkek | Beirut | Bangkok | Buenos Aires | Bogota | Brasilia | Banjul | Bissau | Brazzaville | Bloemfontein | Bamako | Bangui
100%
A Andorra la Vella | Athen | Amsterdam | Amman | Ankara | Aschgabat | Abu Dhabi | Apia | Asunción | Algier | Addis Abeba | Asmara | Accra | Antananarivo | Abuja | Astana
98%
L Luxemburg | London | Ljubljana | Lissabon | La Paz | Lima | Luanda | Libreville | Lilongwe | Lusaka | Lomé
93%
M Minsk | Monaco | Madrid | Managua | Mexiko-Stadt | Manama | Manila | Majuro | Montevideo | Malabo | Mbabane | Moroni | Maseru | Monrovia | Maputo | Mogadischu | Moskau | Male
92%
P Paris | Prag | Priština | Podgorica | Panama-Stadt | Port-au-Prince | Port-of-Spain | Peking | Phnom Penh | Pjöngjang | Port Moresby | Palikir | Port Vila | Pretoria | Port Louis | Paramaribo | Praia | Porto-Novo
91%
S Sarajevo | Sofia | Skopje | San Marino | Stockholm | Santo Domingo | Saint John's | San José | San Salvador | Saint George's | Sana'a | Singapur | Seoul | Sri Jayawardenepura Kotte | Suva | South Tarawa | Santiago | Sucre | São Tomé
90%
W Washington D.C. | Warschau | Wien | Wellington | Windhoek
90%
D Dublin | Dhaka | Doha | Dili | Damaskus | Duschanbe | Dschibuti | Dakar | Dodoma
88%
K Kopenhagen | Kiew | Kingston | Kingstown | Kabul | Kuwait-Stadt | Kuala Lumpur | Kathmandu | Kairo | Kigali | Khartum | Kampala | Kinshasa | Kapstadt
88%
T Tirana | Tallinn | Thimphu | Tiflis | Teheran | Tokio | Taipeh | Taschkent | Tripolis | Tunis
87%
O Oslo | Ouagadougou | Ottawa
86%
R Reykjavik | Rom | Riga | Roseau | Riad | Rabat
86%
H Havanna | Hanoi | Honiara | Harare | Helsinki
81%
V Vaduz | Vilnius | Vatikanstadt | Vientiane | Victoria | Valletta
80%
C Chisinau | Castries | Canberra | Caracas | Conakry | Cotonou | Colombo
74%
J Jerusalem | Jerewan | Jakarta | Juba
73%
N Nikosia | Nassau | Neu-Delhi | Ngerulmud | Nuku'alofa | Nairobi | Nouakchott | Niamey | N'Djamena
71%
Z Zagreb
59%
U Ulaanbaatar
58%
G Guatemala-Stadt | Georgetown | Gaborone | Gitega
57%
Q Quito
53%
F Funafuti | Freetown
51%
I Islamabad
51%
Y Yaoundé | Yamoussoukro | Yaren
40%
Keine übereinstimmenden Quizze gefunden
Verteilung der Resultate
Anzahl Personen mit jedem Resultat
Perzentil nach korrekt beantworteten Fragen
Ihre Resultats-Entwicklung
Sie haben dieses Quiz seit der letzten Aktualisierung nicht gespielt